| 000 | 00726cam a2200205 i 4500 | ||
|---|---|---|---|
| 020 | _a9781848725454 (hardback : alk. paper) | ||
| 020 | _a9781848725461 (pbk. : alk. paper) | ||
| 082 | 0 | 0 |
_a201.7 _bMAR |
| 100 | 1 |
_aMarks, Loren Dean, _951767 |
|
| 245 | 1 | 0 |
_aReligion and families : _ban introduction / _cLoren D. Marks, David C. Dollahite. |
| 300 |
_axxii, 275 pages : _billustrations ; _c24 cm |
||
| 490 | 0 | _aTexbooks in family studies | |
| 526 |
_a0 _b0 _c0 _d201_700000000000000_MAR |
||
| 650 | 0 |
_aFamilies _xReligious life. _951768 |
|
| 650 | 0 |
_aMarriage _xReligious aspects. _951769 |
|
| 650 | 0 |
_aParenting _xReligious life. _951770 |
|
| 650 | 0 |
_aReligion. _95800 |
|
| 700 | 1 |
_aDollahite, David C. _951771 |
|
| 942 |
_2ddc _cBK |
||
| 999 |
_c554320 _d554320 |
||